COMPLEX ANALYSIS (Record no. 216848)

MARC details
000 -LEADER
fixed length control field 00419nam a22001577a 4500
008 - FIXED-LENGTH DATA ELEMENTS--GENERAL INFORMATION
fixed length control field 260323b |||||||| |||| 00| 0 eng d
020 ## - INTERNATIONAL STANDARD BOOK NUMBER
International Standard Book Number 978-81-203-5063-2
100 ## - MAIN ENTRY--PERSONAL NAME
Personal name BISWAL PURNA CHANDRA
245 ## - TITLE STATEMENT
Title COMPLEX ANALYSIS
260 ## - PUBLICATION, DISTRIBUTION, ETC.
Place of publication, distribution, etc. NEW DELHI
Name of publisher, distributor, etc. PHI LEARNING
Date of publication, distribution, etc. 2015
300 ## - PHYSICAL DESCRIPTION
Extent IX,273P.
500 ## - GENERAL NOTE
General note INCLUDES AN INDEX
650 ## - SUBJECT ADDED ENTRY
Topical term or geographic name entry element FUNCTIONS OF COMPLEX VARIABLES
942 ## - ADDED ENTRY ELEMENTS (KOHA)
Source of classification or shelving scheme Library of Congress Classification
Koha item type Long Loan Book
Holdings
Withdrawn status Lost status Source of classification or shelving scheme Damaged status Not for loan Collection Home library Current library Shelving location Date acquired Inventory number Total checkouts Full call number Barcode Date last seen Copy number Price effective from Koha item type
    Library of Congress Classification     Science & Technology Kisii University Library Kisii University Library On Display 03/23/2026 112459   QA 331 .B57 2015 a001114 03/23/2026 C.1 03/23/2026 Long Loan Book
    Library of Congress Classification     Science & Technology Kisii University Library Kisii University Library On Display 03/23/2026 112460   QA 331 .B57 2015 a001113 03/23/2026 C.2 03/23/2026 Long Loan Book
    Library of Congress Classification     Science & Technology Kisii University Library Kisii University Library On Display 03/23/2026 112461   QA 331 .B57 2015 a001112 03/23/2026 C.3 03/23/2026 Long Loan Book
    Library of Congress Classification     Science & Technology Kisii University Library Kisii University Library On Display 03/23/2026 112462   QA 331 .B57 2015 a001111 03/23/2026 C.4 03/23/2026 Long Loan Book